• 首页
  • 本馆介绍
  • 公告通知
  • 最新文献
  • 馆藏检索
  • 电子资源
  • 读者导购
  • 参考咨询
  • 我的图书馆
  • 登录
  • 详细信息显示
  • 放入我的书架
  • 预约/预借图书
  • 作者相关作品
  • 分类相关作品
  • 丛书相关作品
  • 出版社相关作品

书目信息

  • 表格格式
  • 工作单格式
  • 卡片格式
题名:
黑白装饰人物画
    
 
作者: 胡永凯 绘
分册:  
出版信息: 天津   人民美术出版社  1983
页数: 114页
开本: 19cm
丛书名:
单 册:
中图分类: J522.1 , J221.8
科图分类:
主题词: 黑白画:人物画--中国--现代--画册 , 人物画:黑白画--中国--现代--画册 , 绘画--中国
电子资源:
ISBN:
000 00749nam0 2200277 45
001 0183003760
005 20040517172644.2
010    @dCNY0.95
091    @a8073.50290
100    @a19950622d1983 em y0chiy0121 ea
101 0  @achi
102    @aCN@b120000
105    @aa z 000yy
106    @ar
200 10 @a黑白装饰人物画@Ahei bai zhuang shi ren wu hua@f胡永凯绘
210    @a天津@c人民美术出版社@d1983
215    @a114页@c图@d19cm
606    @a黑白画:人物画@y中国@z现代@x画册
606    @a人物画:黑白画@y中国@z现代@x画册
606 0  @a绘画@x中国
690    @aJ522.1@v3
690    @aJ221.8
701  0 @a胡永凯@Ahu yong kai@4绘
801  0 @aCN@b上海图书馆@c20040517
801  2 @aCN@bNLC@c20040517
905    @f1@b110888@dJ221.8@e91
    
    黑白装饰人物画/胡永凯绘.-天津:人民美术出版社,1983
    114页:图;19cm
    
    
    ISBN :CNY0.95
    
●
相关链接 在E读中查询图书 在五车中查询图书 在当当中查询图书 在豆瓣中查询图书


正题名:黑白装饰人物画     索取号:J221.8/91         预约/预借

序号 登录号 条形码 馆藏地/架位号 状态 备注
1 0110888   000795982   第一借阅区/ [索取号:J221.8/91] 在馆    
2 0110889   000795991   第一样本阅览室/ [索取号:J221.8/91] 在馆    
唐山师范学院图书馆 欢迎您!
大连网信软件有限公司© 版权所有